Propuesta de diseño de sistemas informáticos para la gestión de fuente de financiamiento en la Facultad de Ciencias y Sistemas de la Universidad Nacional de Ingeniería.
El trabajo presenta los principales problemas que tiene el proceso de gestión de fuentes de financiamiento de la facultad de Ciencias y sistemas de la Universidad Nacional de Ingeniería entre los cuales se pueden mencionar , falta de una herramienta informática que le apoye a una mejor gestión d...
| Main Author: | |
|---|---|
| Other Authors: | |
| Format: | Tesis Section = Libro |
| Language: | Undetermined Spanish |
| Published: |
Managua
UNI
2013
|
| Subjects: |
| LEADER | 01248nam a2200241Ia 4500 | ||
|---|---|---|---|
| 008 | 240830s9999 xx 000 0 und d | ||
| 040 | |a BIBLIOTECA-RUPAP M.Mon 658.05 A284 | ||
| 041 | |a spa | ||
| 082 | |a M.Mon 658.05 A284 | ||
| 100 | 1 | |a Aguirre Suárez, Gamaliel Israel | |
| 245 | 1 | 0 | |a Propuesta de diseño de sistemas informáticos para la gestión de fuente de financiamiento en la Facultad de Ciencias y Sistemas de la Universidad Nacional de Ingeniería. |
| 260 | |a Managua |b UNI |c 2013 | ||
| 300 | |a 134 p. :il. | ||
| 500 | |a Contiene: anexos. | ||
| 502 | |a Tesis (Máster en Informática Empresarial)- UNI, 2013. | ||
| 520 | 3 | |a El trabajo presenta los principales problemas que tiene el proceso de gestión de fuentes de financiamiento de la facultad de Ciencias y sistemas de la Universidad Nacional de Ingeniería entre los cuales se pueden mencionar , falta de una herramienta informática que le apoye a una mejor gestión de la información. | |
| 650 | 7 | |a AUTOMATIZACIO DE OFICINAS | |
| 650 | 7 | |b SISTEMA DE ALMACENAMIETNO Y RECUPERACION DE INFORMACION | |
| 650 | 7 | |c ADMINISTRACION DE PROYECTOS - PROTOTIPOS - DISEÑO AUTOMATIZADO | |
| 700 | 1 | |a Tutor: |b Pérez Armayor, Dania | |
| 942 | |c BK |2 ddc | ||
| 991 | |a TESIS | ||
| 999 | |c 15233 | ||